| 000 | 00829nam a2200253 a 4500 | ||
|---|---|---|---|
| 001 | 42209 | ||
| 003 | BD-RjUL | ||
| 005 | 20211209053516.0 | ||
| 008 | 160611s1970 cauba b 001 0 eng | ||
| 020 | _a0804707103 | ||
| 035 | _a(BD-RjUL)42327 | ||
| 040 |
_aDLC _cDLC _dDLC _dBD-RjUL _beng |
||
| 041 | _aeng | ||
| 082 | 0 | 0 |
_a320.981 _223 _bWIP 1970 |
| 100 | 1 |
_aWirth, John D. _9129806 |
|
| 245 | 1 | 4 |
_aThe politics of Brazilian development 1930-1954 / _c[by] John D. Wirth. |
| 260 |
_aStanford, Calif., _bStanford University Press, _c1970. |
||
| 300 |
_aviii, 278 p. : _bill ; _c23 cm. |
||
| 504 | _aBibliography: p. [260]-270. | ||
| 651 | 0 |
_aBrazil _xEconomic policy. _9129807 |
|
| 651 | 0 |
_aBrazil _xPolitics and government _y1930-1945. _9129808 |
|
| 651 | 0 |
_aBrazil _xPolitics and government _y1945-1954. _9129809 |
|
| 942 |
_2ddc _cBK |
||
| 999 |
_c42209 _d42209 |
||